Eastern Utah Libraries Catalog: Duchesne, Heber, Roosevelt, & Vernal

Fourth Wing / (Record no. 385424)

MARC details
000 -LEADER
fixed length control field 01904cam a2200337 i 4500
001 - CONTROL NUMBER
control field on1376530364
003 - CONTROL NUMBER IDENTIFIER
control field OCoLC
005 - DATE AND TIME OF LATEST TRANSACTION
control field 20231207125442.0
008 - FIXED-LENGTH DATA ELEMENTS--GENERAL INFORMATION
fixed length control field 230420s2023 paua 000 1 eng d
020 ## - INTERNATIONAL STANDARD BOOK NUMBER
International Standard Book Number 9780349436999
040 ## - CATALOGING SOURCE
Original cataloging agency NjBwBT
Language of cataloging eng
Description conventions rda
Transcribing agency FSP
Modifying agency FSP
-- OCO
-- IEU
-- DAD
082 ## - DEWEY DECIMAL CLASSIFICATION NUMBER
Edition number F Yarros
092 ## - LOCALLY ASSIGNED DEWEY CALL NUMBER (OCLC)
Classification number F Yarros
100 1# - MAIN ENTRY--PERSONAL NAME
Personal name Yarros, Rebecca,
Relator term author.
9 (RLIN) 6469338
245 10 - TITLE STATEMENT
Title Fourth Wing /
Statement of responsibility, etc Rebecca Yarros.
246 ## - VARYING FORM OF TITLE
Title proper/short title 4th Wing
246 ## - VARYING FORM OF TITLE
Title proper/short title Fourth Wing
250 ## - EDITION STATEMENT
Edition statement First edition.
264 #1 - Production, Publication, Distribution, Manufacture, and Copyright Notice.
Place of production, publication, distribution, manufacture Shrewsbury, PA :
Name of producer, publisher, distributor, manufacturer Red Tower Books, an imprint of Entangled Publishing, LLC,
Date of production, publication, distribution, manufacture, or copyr 2023.
264 #4 - Production, Publication, Distribution, Manufacture, and Copyright Notice.
Date of production, publication, distribution, manufacture, or copyr ©2023.
Place of production, publication, distribution, manufacture Shrewsbury, PA :
Name of producer, publisher, distributor, manufacturer Red Tower Books,
300 ## - PHYSICAL DESCRIPTION
Extent 498 pages :
Other physical details illustrations ;
Dimensions 24 cm.
336 ## - Content Type
Content type term text
337 ## - Media type
Media type term unmediated
338 ## - Carrier type
Carrier type term volume
440 ## - SERIES STATEMENT/ADDED ENTRY--TITLE
Title The Empyrean
Number of part/section of a work #1
Name of part/section of a work Fourth Wing
9 (RLIN) 6478154
520 ## - SUMMARY, ETC.
Summary, etc "Twenty-year-old Violet Sorrengail was supposed to enter the Scribe Quadrant, living a quiet life among books and history. Now, the commanding general--also known as her tough-as-talons mother--has ordered Violet to join the hundreds of candidates striving to become the elite of Navarre: dragon riders. But when you're smaller than everyone else and your body is brittle, death is only a heartbeat away...because dragons don't bond to "fragile" humans. They incinerate them. With fewer dragons willing to bond than cadets, most would kill Violet to better their own chances of success. The rest would kill her just for being her mother's daughter--like Xaden Riorson, the most powerful and ruthless wingleader in the Riders Quadrant. She'll need every edge her wits can give her just to see the next sunrise"--
650 #0 - SUBJECT ADDED ENTRY--TOPICAL TERM
Topical term or geographic name as entry element Dragons
Form subdivision Fiction.
9 (RLIN) 5673926
650 #0 - SUBJECT ADDED ENTRY--TOPICAL TERM
Topical term or geographic name as entry element Military education
Form subdivision Fiction.
9 (RLIN) 5708212
650 #0 - SUBJECT ADDED ENTRY--TOPICAL TERM
Topical term or geographic name as entry element Imaginary wars and battles
Form subdivision Fiction.
9 (RLIN) 5673973
942 ## - ADDED ENTRY ELEMENTS (KOHA)
Source of classification or shelving scheme Dewey Decimal Classification
Koha item type BOOK
Holdings
Withdrawn status Lost status Source of classification or shelving scheme Damaged status Not for loan Collection code Home library Current library Shelving location Date acquired Source of acquisition Serial Enumeration / chronology Total Checkouts Total Renewals Full call number Barcode Date last seen Date checked out Cost, replacement price Price effective from Koha item type Checked out
    Dewey Decimal Classification     Fiction Wasatch County Library Wasatch County Library First Floor 10/16/2024 Donation #1 Empyrean 12 9 F Yarros 34301002023606 03/11/2026 01/09/2026 29.99 10/16/2024 BOOK  
    Dewey Decimal Classification     Fiction Wasatch County Library Wasatch County Library First Floor 11/01/2024 Amazon #1 Empyrean 12 9 F Yarros 34301002136044 03/06/2026 01/31/2026 29.99 11/01/2024 BOOK  
    Dewey Decimal Classification     Fiction Wasatch County Library Wasatch County Library First Floor 03/11/2025 Amazon #1 Empyrean 10 10 F Yarros 34301002148858 03/10/2026 03/10/2026 29.99 03/11/2025 BOOK 05/06/2026
    Dewey Decimal Classification     Fiction Wasatch County Library Wasatch County Library First Floor 03/11/2025 Amazon #1 Empyrean 6 8 F Yarros 34301002148841 03/07/2026 03/07/2026 29.99 03/11/2025 BOOK 05/03/2026
This project was made possible through a grant from the Institute of Museum and Library Service administered by the Utah State Library Division.

Wasatch County Library

  • 465 East 1200 South, Heber City, Utah 84032
  • Phone 435-654-1511 | Fax 435-654-6456

Hours

  • Monday - Friday 9:30 AM - 8:00 PM
  • Saturday 9:30 AM - 1:30 PM
  • Closed Sundays and Holidays